<?xml version="1.0" encoding="UTF-8"?>
<collection xmlns="http://www.loc.gov/MARC21/slim">
 <record>
  <leader>01722nam a2200217Ia 4500</leader>
  <controlfield tag="001">CTU_177925</controlfield>
  <controlfield tag="008">210402s9999    xx            000 0 und d</controlfield>
  <datafield tag="082" ind1=" " ind2=" ">
   <subfield code="a">398.809597</subfield>
  </datafield>
  <datafield tag="082" ind1=" " ind2=" ">
   <subfield code="b">H507</subfield>
  </datafield>
  <datafield tag="088" ind1=" " ind2=" ">
   <subfield code="a">60220121</subfield>
  </datafield>
  <datafield tag="100" ind1=" " ind2=" ">
   <subfield code="a">Cao, Thị Kim Huệ</subfield>
  </datafield>
  <datafield tag="245" ind1=" " ind2="0">
   <subfield code="a">Vấn đề &quot;giới&quot; trong ca dao, tục ngữ người Việt :</subfield>
  </datafield>
  <datafield tag="245" ind1=" " ind2="0">
   <subfield code="b">Luận văn thạc sĩ ngữ văn chuyên ngành Văn học Việt Nam</subfield>
  </datafield>
  <datafield tag="245" ind1=" " ind2="0">
   <subfield code="c">Cao Thị Kim Huệ ; Nguyễn Thị Ngọc Điệp (Hướng dẫn khoa học)</subfield>
  </datafield>
  <datafield tag="260" ind1=" " ind2=" ">
   <subfield code="a">Cần Thơ</subfield>
  </datafield>
  <datafield tag="260" ind1=" " ind2=" ">
   <subfield code="b">Trường Đại học Cần Thơ</subfield>
  </datafield>
  <datafield tag="260" ind1=" " ind2=" ">
   <subfield code="c">2012</subfield>
  </datafield>
  <datafield tag="520" ind1=" " ind2=" ">
   <subfield code="a">Vận dụng các thành tựu của các công trình nghiên cứu về cao dao, tục ngữ để khảo sát những đặc điểm cơ bản của vấn đề &quot;giới&quot; trong cao dao, tục ngữ người Việt.  Đồng thời, đề tài còn nghiên cứu về biểu hiện &quot;giới&quot; trong ca dao, tục ngữ để tìm hiểu xem trong xã hội phong kiến, quan điểm của người lao động có phải chỉ đơn thuần là định kiến với giới nữ hay có sự chở che, bênh vực? Và người phụ nữ có phải chỉ biết an phận làm vợ, làm mẹ hay họ có những vai trò gì khác trong xã hội. Từ đó giúp ta thấy được giá trị nhân văn to lớn qua những câu ca dao, tục ngữ nước nhà.</subfield>
  </datafield>
  <datafield tag="650" ind1=" " ind2=" ">
   <subfield code="a">Folk songs, Vietnamese,Ca dao Việt Nam</subfield>
  </datafield>
  <datafield tag="904" ind1=" " ind2=" ">
   <subfield code="i">Lập,Hải</subfield>
  </datafield>
  <datafield tag="980" ind1=" " ind2=" ">
   <subfield code="a">Trung tâm Học liệu Trường Đại học Cần Thơ</subfield>
  </datafield>
 </record>
</collection>
